Central Library OPAC University of Rajshahi

Electrical noise : (Record no. 14534)

MARC details
000 -LEADER
fixed length control field 00823cam a2200265I 4500
001 - CONTROL NUMBER
control field 14534
003 - CONTROL NUMBER IDENTIFIER
rucl marc code BD-RjUL
005 - DATE AND TIME OF LATEST TRANSACTION
control field 20211208235639.0
008 - FIXED-LENGTH DATA ELEMENTS--GENERAL INFORMATION
fixed length control field 140206s1960 enka 00100 eng d
035 ## - SYSTEM CONTROL NUMBER
System control number (BD-RjUL)14587
040 ## - CATALOGING SOURCE
Original cataloging agency DLC
Transcribing agency FBA
Modifying agency SER
-- BOS
-- BD-RjUL
Language of cataloging eng
041 ## - LANGUAGE CODE
Language code of text/sound track or separate title eng
082 04 - DEWEY DECIMAL CLASSIFICATION NUMBER
Edition number 19
Classification number 537.6
Author mark and year BEE 1960
100 1# - MAIN ENTRY--PERSONAL NAME
Personal name Bell, D. A.
Fuller form of name (David Arthur)
9 (RLIN) 45328
245 10 - TITLE STATEMENT
Title Electrical noise :
Remainder of title fundamentals and physical mechanism /
Statement of responsibility, etc. D. A. Bell.
260 ## - PUBLICATION, DISTRIBUTION, ETC. (IMPRINT)
Place of publication, distribution, etc. London ;
-- Princeton, N.J. :
Name of publisher, distributor, etc. Van Nostrand,
Date of publication, distribution, etc. 1960.
300 ## - PHYSICAL DESCRIPTION
Pagination x, 342 p. :
Illustrations ill. ;
Size 24 cm.
504 ## - BIBLIOGRAPHY, ETC. NOTE
Bibliography, etc Includes index.
650 #0 - SUBJECT ADDED ENTRY--TOPICAL TERM
Topical term or geographic name as entry element Quantum electrodynamics.
9 (RLIN) 25661
Topical term or geographic name as entry element Electric currents.
9 (RLIN) 27773
Topical term or geographic name as entry element Transients (Electricity)
9 (RLIN) 40053
Topical term or geographic name as entry element Electric circuits.
9 (RLIN) 45329
942 ## - ADDED ENTRY ELEMENTS (KOHA)
Source of classification or shelving scheme Dewey Decimal Classification
Koha item type Books
Holdings
Lost status Source of classification or shelving scheme Damaged status Not for loan Collection code Permanent Location Current Location Shelving location Date acquired Source of acquisition Cost, normal purchase price Total Checkouts Full call number Date last seen Copy number Koha item type
  Dewey Decimal Classification     Non-fiction Central Library, University of Rajshahi Central Library, University of Rajshahi   28/06/1963 Zeitlinger 0.00   537.6 BEE 1960 06/02/2014 C-2 Books
  Dewey Decimal Classification   Not For Loan Non-fiction Central Library, University of Rajshahi Central Library, University of Rajshahi Reading Room 30/11/1962 Zeithinger 52.60   537.6 BEE 1960 27/05/2017 C-1 Books
  Dewey Decimal Classification     Non-fiction Central Library, University of Rajshahi Central Library, University of Rajshahi   30/11/1962 Zeithinger 52.60   537.6 BEE 1960 27/05/2017 C-3 Books